Shan-E-Saleeb (Record no. 4342)

MARC details
000 -LEADER
fixed length control field 00578nam a2200241 a 4500
020 ## - INTERNATIONAL STANDARD BOOK NUMBER
ISBN
082 00 - DEWEY DECIMAL CLASSIFICATION NUMBER
Classification number 232.96
Author Cutter ZWE1
100 ## - MAIN ENTRY--AUTHOR NAME
Author name Zwemer, S M
245 ## - TITLE STATEMENT
Title Shan-E-Saleeb
260 ## - PUBLICATION, DISTRIBUTION, ETC. (IMPRINT)
Place of publication Lahore
Name of publisher Punjab Religious Booksociety
Year of publication 1933
300 ## - PHYSICAL DESCRIPTION
Number of Pages 167p
500 ## - GENERAL NOTE
General note includes index and biblioraphy
505 2# - FORMATTED CONTENTS NOTE
Formatted contents note Map and Appendex
650 ## - SUBJECT ADDED ENTRY--TOPICAL TERM
Topical Term Jesus Christ-Death
942 ## - ADDED ENTRY ELEMENTS (KOHA)
Koha item type Books
700 1# -
-- Zwemer, S M
Holdings
Home library Current library Date acquired Cost, normal purchase price Full call number Accession Number Koha item type
Henry Martyn Institute Library Henry Martyn Institute Library 03/22/2016 100.00 232.96 ZWE1 6361 Archive Book
Henry Martyn Institute Library Henry Martyn Institute Library 03/22/2016 100.00 232.96 ZWE1 10954 Archive Book
                   Copyright © 2026 | Henry Martyn Institute | Hyderabad | TS-500052 | INDIA | Implemented by hmi.edu.in
Hit-Count:

Powered by Koha